Structrural Analysis-I/ (Record no. 196466)
[ view plain ]
| 000 -LEADER | |
|---|---|
| fixed length control field | 00615nam a22001937a 4500 |
| 005 - DATE AND TIME OF LATEST TRANSACTION | |
| control field | 20230627142620.0 |
| 010 ## - LCCN (DPL NO) | |
| LC control number | ENG-137173 |
| 020 ## - INTERNATIONAL STANDARD BOOK NUMBER | |
| International Standard Book Number | 9788195371776 |
| Terms of availability | 550.00 |
| 035 ## - SYSTEM CONTROL NUMBER | |
| System control number | EN-120705 |
| 037 ## - SOURCE OF ACQUISITION | |
| Source of stock number/acquisition | DBAD/PUB |
| 082 ## - DEWEY DECIMAL CLASSIFICATION NUMBER | |
| Classification number | 624.171 |
| 100 ## - MAIN ENTRY--PERSONAL NAME | |
| Personal name | Murali, K. |
| 245 ## - TITLE STATEMENT | |
| Title | Structrural Analysis-I/ |
| Statement of responsibility, etc | by K. Murali and B. Lavanya |
| 260 ## - PUBLICATION, DISTRIBUTION, ETC. (IMPRINT) | |
| Place of publication, distribution, etc | Hyderabad |
| Name of publisher, distributor, etc | StudentsHelpline Publishing House Pvt. Ltd |
| Date of publication, distribution, etc | 2022 |
| 270 ## - ADDRESS | |
| Address | #7-1-277/242, 2nd Floor, Near B K Guda Park, S R Nagar |
| City | Hyderbad |
| Postal code | 500038 |
| 300 ## - PHYSICAL DESCRIPTION | |
| Extent | xvi,432p.; |
| Dimensions | 24cm(pbk) |
| 700 ## - ADDED ENTRY--PERSONAL NAME | |
| Personal name | Lavanya, B. |
| Dates associated with a name | . |
| 942 ## - ADDED ENTRY ELEMENTS (KOHA) | |
| Source of classification or shelving scheme | Dewey Decimal Classification |
| Item type | English Books |
| Call number suffix | MUR |
| Classification part | 624.171 |
| Withdrawn status | Lost status | Not for loan | Collection code | Home library | Current library | Date acquired | Source of acquisition | Cost, normal purchase price | Full call number | Barcode | Copy number | Cost, replacement price | Koha item type |
|---|---|---|---|---|---|---|---|---|---|---|---|---|---|
| Non-fiction | Vinoba Puri | Vinoba Puri | 27/06/2023 | DBAD/PUB | 550.00 | 624.171 MUR | EN-120705 | 1 | 550.00 | English Books |
